LEADER 01336nam0 22002771i 450 001 UON00227652 005 20231205103444.428 100 $a20030730d1975 |0itac50 ba 101 $aspa 102 $aCO 105 $a|||| ||||| 200 1 $aˆEl ‰maiz en el habla y la cultura popular de Colombia$econ notas sobre su origen y nombres en lenguas indigenas americanas$fJose Joaquin Montes Giraldo, Maria Luisa Rodriguez de Montes 210 $aBogotà$cInstituto Caro y Cuervo$d1975 215 $a187 p.$cill$d23 cm. 410 1$1001UON00174515$12001 $a Publicaciones del Instituto Caro y Cuervo$1210 $aSantafé de Bogotá$cInstituto Caro y Cuervo.$v33 606 $aCOLOMBIA$xCultura popolare$3UONC065190$2FI 620 $aCO$dBogotá$3UONL001329 700 1$aMONTES GIRALDO$bJosé Joaquín$3UONV127158$0395738 701 1$aRODRIGUEZ DE MONTES$bMaria Luisa$3UONV137919$0686809 712 $aInstituto Caro y Cuervo$3UONV266661$4650 801 $aIT$bSOL$c20240220$gRICA 899 $aSIBA - SISTEMA BIBLIOTECARIO DI ATENEO$2UONSI 912 $aUON00227652 950 $aSIBA - SISTEMA BIBLIOTECARIO DI ATENEO$dSI Isp.A C 0175 $eSI LO 44424 7 0175 $sBuono 996 $aMaiz en el habla y la cultura popular de Colombia$91271237 997 $aUNIOR